Partenariats per a la nova economia : París, 26-28 de juny del 2000 / [dossier elaborat pel Centre per a la Innovació Local] París, 26-28 de juny del 2000 / [dossier elaborat pel Centre per a la Innovació Local]
Descripción Física:
51 p. ; 30 cm
Colección:
Què s'ha dit? ; 2
MARC
| LEADER | 00000nam a2200000Ia 4500 | ||
|---|---|---|---|
| 001 | 16833 | ||
| 008 | 160829s9999 xx 000 0 cat d | ||
| 080 | |a M-5-102 | ||
| 245 | |a Partenariats per a la nova economia : |b París, 26-28 de juny del 2000 / [dossier elaborat pel Centre per a la Innovació Local] | ||
| 250 | |a Ed. no venal | ||
| 260 | |a [Barcelona] : |b Diputació de Barcelona, cop. 2001 | ||
| 300 | |a 51 p. ; |c 30 cm | ||
| 490 | |a Què s'ha dit? ; 2 | ||
| 590 | |a Síntesi de continguts de les jornades de l'OCDE 'Partenariats per a la nova economia'. | ||
| 590 | |a A la coberta: Flor de Maig | ||
| 650 | |a Previsió econòmica |x Congressos |9 22179 | ||
| 650 | |a Economia internacional |x Congressos |9 22180 | ||
| 710 | 1 | |a Barcelona (Catalunya : Província). |b Diputació |9 52408 | |
| 710 | 2 | |a Centre per a la Innovació Local |9 54171 | |
| 901 | |a Arxiu | ||
| 942 | |n 1 | ||
| 952 | |0 0 |1 0 |4 0 |6 M5102 |7 1 |9 42096 |a Arxiu |b Arxiu |d 2016-12-01 |l 0 |o M-5-102 |p 16833 |r 2016-12-01 00:00:00 |w 2016-12-01 |y ARXIU | ||
| 999 | |c 44543 |d 44543 | ||